000 00963nam a22002297a 4500
003 NALT
005 20251216095601.0
008 s2544 th tha d
020 _a9742030251
040 _aNALT
041 _atha
090 _aKD 51/2540
_bจ154ร 2544
100 0 _aจรัญ โฆษณานันท์
_915969
245 1 0 _aรัฐธรรมนูญ 2540 จาก "ศักดิ์ศรีความเป็นมนุษย์" สู่ "ธัมมิกสิทธิมนุษยชน" /
_cจรัญ โฆษณานันท์.
260 _aกรุงเทพฯ :
_bนิติธรรม,
_c2544
300 _a160 หน้า ;
_b
_c21 ซม.
650 _aรัฐธรรมนูญ
_zไทย
_92027
650 4 _aรัฐธรรมนูญ
_zไทย
_y2540
_94693
650 4 _aสิทธิมนุษยชน
_zไทย
_912544
850 _aNALT
942 _cLB
_2local
999 _c18546
_d18546
998 _j104
_k นางสาวสายฝน ดีงาม